[Event "4NCL-9899A BAR1-BR"]
[Site "Rd10-Birmingham"]
[Date "1999.05.02"]
[Round "10.3"]
[White "Hansen, Carsten"]
[Black "Buckley, Graeme"]
[Result "0-1"]
[WhiteElo "2310"]
[BlackElo "2285"]
[PlyCount "88"]
[EventDate "1999.05.02"]

1. c4 g6 2. Nc3 Bg7 3. d4 Nf6 4. Bg5 d6 5. Nf3 h6 6. Bh4 g5 7. Bg3 Nh5 8. e3 c5
9. d5 Qa5 10. Qc2 Nd7 11. Be2 Nb6 12. Nd2 Nxg3 13. hxg3 Bd7 14. O-O Na4 15. Nb3
Qa6 16. Nb5 Qb6 17. Nd2 Qa5 18. Nb3 Qd8 19. Rab1 a6 20. Nc3 Nxc3 21. bxc3 b5
22. f4 g4 23. Rbc1 h5 24. Kf2 Rb8 25. Rh1 e6 26. dxe6 Bxe6 27. Rcd1 Qb6 28. Qe4
Kf8 29. cxb5 axb5 30. c4 Re8 31. Qc2 b4 32. e4 Bc8 33. Rd5 Bb7 34. Rdxh5 Rxh5
35. Rxh5 Bxe4 36. Qd2 d5 37. Kf1 Bc3 38. Qd1 dxc4 39. Bxc4 Qg6 40. Rxc5 Bc2 41.
Qd5 Bxb3 42. Bxb3 Qb1+ 43. Bd1 Re1+ 44. Kf2 Qb2+ 0-1

[Event "4NCL-9899A BAR1-BR"]
[Site "Rd10-Birmingham"]
[Date "1999.05.02"]
[Round "10.4"]
[White "Cobb, Charles"]
[Black "Dishman, Stephen"]
[Result "1/2-1/2"]
[WhiteElo "2275"]
[BlackElo "2365"]
[PlyCount "92"]
[EventDate "1999.05.02"]

1. c4 e5 2. Nc3 d6 3. g3 g6 4. Bg2 Bg7 5. d3 f5 6. Nf3 Nf6 7. O-O O-O 8. Rb1 a5
9. a3 h6 10. b4 axb4 11. axb4 Nc6 12. b5 Ne7 13. Qb3 Be6 14. Ba3 g5 15. Nd2 Rb8
16. Nd5 f4 17. Nxf6+ Bxf6 18. Ne4 Nf5 19. Bb2 Bg7 20. Ra1 Ne7 21. Rfd1 Ng6 22.
Ra7 g4 23. e3 f3 24. Bf1 h5 25. d4 h4 26. b6 hxg3 27. fxg3 cxb6 28. Ba3 Bf5 29.
Nf2 e4 30. c5+ d5 31. Qxb6 Qxb6 32. cxb6 Bh6 33. Bxf8 Nxf8 34. Ra3 Nd7 35. Rb1
Rc8 36. Nd1 Nb8 37. Ra2 Nc6 38. Kf2 Kf7 39. Bb5 Nxd4 40. exd4 e3+ 41. Nxe3
Bxe3+ 42. Kxe3 Bxb1 43. Ra7 Rc3+ 44. Kf2 Rb3 45. Rxb7+ Kf6 46. Ba6 Bd3 1/2-1/2

[Event "4NCL-9899A BAR1-BR"]
[Site "Rd10-Birmingham"]
[Date "1999.05.02"]
[Round "10.5"]
[White "Pritchett, Craig"]
[Black "Burgess, Graham"]
[Result "1/2-1/2"]
[WhiteElo "2325"]
[BlackElo "2290"]
[PlyCount "39"]
[EventDate "1999.05.02"]

1. Nf3 Nf6 2. c4 g6 3. Nc3 Bg7 4. e4 d6 5. d4 O-O 6. Be2 Na6 7. O-O e5 8. Be3
Ng4 9. Bg5 Qe8 10. dxe5 h6 11. Bh4 dxe5 12. Nd2 Nf6 13. Nd5 Qd8 14. f4 exf4 15.
e5 Nxd5 16. Bxd8 Ne3 17. Qb3 Nxf1 18. Rxf1 Rxd8 19. Nf3 Nc5 20. Qc3 1/2-1/2

[Event "4NCL-9899A BAR1-BR"]
[Site "Rd10-Birmingham"]
[Date "1999.05.02"]
[Round "10.6"]
[White "McFarland, Robert"]
[Black "Rogers, Jonathan"]
[Result "1-0"]
[WhiteElo "2257"]
[BlackElo "2358"]
[PlyCount "113"]
[EventDate "1999.05.02"]

1. Nf3 e6 2. g3 f5 3. Bg2 Nf6 4. b3 Be7 5. Bb2 O-O 6. O-O d5 7. c4 a5 8. Nc3
Nbd7 9. d3 Nc5 10. a3 c6 11. b4 Na6 12. b5 Nc5 13. Na4 Nxa4 14. Qxa4 Bd7 15.
Ne5 cxb5 16. cxb5 Qb6 17. Nxd7 Nxd7 18. Qd4 Qxd4 19. Bxd4 Rac8 20. Rfc1 Bc5 21.
Bxc5 Nxc5 22. Rab1 b6 23. Rc2 Na4 24. Rbc1 Rc5 25. Rxc5 bxc5 26. e4 fxe4 27.
dxe4 d4 28. Bf1 Nc3 29. e5 g5 30. Bc4 Kf7 31. h3 Ke7 32. Kg2 Kd7 33. Bd3 h6 34.
Rf1 Rb8 35. Bc4 a4 36. Re1 Rb6 37. f4 gxf4 38. gxf4 Nxb5 39. Rb1 Kc6 40. Bxe6
Kc7 41. f5 d3 42. f6 Nd4 43. Rxb6 Kxb6 44. Bg4 d2 45. Kf2 h5 46. Bxh5 c4 47. f7
Ne6 48. Ke2 c3 49. Kd3 Kc5 50. Kc2 Kc4 51. Be2+ Kd5 52. Bg4 Nf8 53. e6 Kd6 54.
h4 Ke7 55. h5 Kf6 56. h6 Ke7 57. Bf5 1-0

[Event "4NCL-9899A BAR1-BR"]
[Site "Rd10-Birmingham"]
[Date "1999.05.02"]
[Round "10.7"]
[White "Williamson, Paul"]
[Black "Collier, David"]
[Result "1/2-1/2"]
[WhiteElo "2170"]
[BlackElo "2245"]
[PlyCount "55"]
[EventDate "1999.05.02"]

1. d4 Nf6 2. c4 e6 3. Nc3 Bb4 4. Qc2 c5 5. dxc5 Qa5 6. Bd2 Na6 7. a3 Nxc5 8.
Rd1 Bxc3 9. Bxc3 Qa4 10. Qxa4 Nxa4 11. Be5 b6 12. b3 Nc5 13. b4 Na4 14. e3 Ba6
15. Bd3 Rc8 16. Bc2 b5 17. c5 Bb7 18. Nf3 a6 19. O-O Nd5 20. Bxa4 bxa4 21. Nd2
Bc6 22. Nc4 O-O 23. Nd6 Ra8 24. Rfe1 f6 25. Ba1 Rfb8 26. e4 Ne7 27. Bc3 Nc8 28.
Nxc8 1/2-1/2

[Event "4NCL-9899A BAR1-BR"]
[Site "Rd10-Birmingham"]
[Date "1999.05.02"]
[Round "10.8"]
[White "Buckley, Melanie"]
[Black "Lauterbach, Ingrid"]
[Result "0-1"]
[WhiteElo "2055"]
[BlackElo "2171"]
[PlyCount "160"]
[EventDate "1999.05.02"]

1. e4 d6 2. d4 Nf6 3. Nc3 g6 4. Nge2 c6 5. g3 Bg7 6. Bg2 O-O 7. h3 Nbd7 8. O-O
e5 9. Be3 Qc7 10. Qd2 Re8 11. a4 a5 12. Rad1 Nb6 13. b3 d5 14. exd5 Nfxd5 15.
Nxd5 Nxd5 16. Bh6 e4 17. c4 Nb4 18. Bf4 Qe7 19. Nc3 Bf5 20. Be3 h5 21. Kh2 Rad8
22. Na2 Nd3 23. Bg5 Bf6 24. Bxf6 Qxf6 25. Qxa5 Qxd4 26. Qc3 c5 27. Qd2 b6 28.
Qe2 e3 29. f4 Qb2 30. Qxb2 Nxb2 31. Rxd8 Rxd8 32. Bd5 Nd3 33. Nc1 Nb4 34. Re1
Re8 35. Ne2 Bc2 36. Nc1 Bf5 37. Bf3 Nc2 38. Rg1 Nd4 39. Be2 Bc2 40. Re1 Bxb3
41. Nxb3 Nxb3 42. Kg2 Nd2 43. Rc1 Kg7 44. Rc3 Re4 45. Rc2 h4 46. Rc3 hxg3 47.
Kxg3 f6 48. h4 Re7 49. Kg2 Kh6 50. Ra3 Nxc4 51. Bxc4 e2 52. Bxe2 Rxe2+ 53. Kf3
Re6 54. a5 bxa5 55. Rxa5 Rc6 56. Ra3 c4 57. Rc3 Kh5 58. Kg3 Rc5 59. Kh3 Rd5 60.
Rxc4 Rd3+ 61. Kg2 Kg4 62. f5+ Kxf5 63. Ra4 Re3 64. Ra6 Re6 65. Ra5+ Kg4 66.
Ra4+ Kh5 67. Kf3 f5 68. Rb4 Ra6 69. Kg3 Ra3+ 70. Kf4 Rh3 71. Rb8 Rxh4+ 72. Kg3
Ra4 73. Rb5 Kg5 74. Rb3 Rg4+ 75. Kh3 Re4 76. Rb6 Re3+ 77. Kg2 f4 78. Kf2 Kf5
79. Ra6 g5 80. Ra5+ Kg4 0-1

[Event "4NCL-9899A BAR2-WG"]
[Site "Rd10-Birmingham"]
[Date "1999.05.02"]
[Round "10.2"]
[White "Emms, John"]
[Black "Twyble, Michael"]
[Result "1-0"]
[WhiteElo "2573"]
[BlackElo "2216"]
[PlyCount "111"]
[EventDate "1999.05.02"]

1. e4 e5 2. Nf3 Nc6 3. Bb5 a6 4. Ba4 Nf6 5. O-O Nxe4 6. d4 Be7 7. Qe2 f5 8.
dxe5 O-O 9. Be3 Kh8 10. Nc3 Nxc3 11. bxc3 Qe8 12. Rfe1 Qg6 13. Bf4 Nd8 14. Bb3
Ne6 15. Bd2 b6 16. Rad1 Bb7 17. Be3 f4 18. Bc1 Rad8 19. Bd5 Bxd5 20. Rxd5 Nc5
21. Ba3 c6 22. Rd2 a5 23. h3 Qe6 24. c4 Na4 25. Bd6 Bxd6 26. Rxd6 Qe7 27. h4
Nc5 28. Red1 Nb7 29. R6d2 Nc5 30. c3 Kg8 31. Rd4 Ne6 32. Rd6 Nc5 33. Qb2 Rb8
34. Qc2 Qf7 35. Ng5 Qf5 36. Qxf5 Rxf5 37. e6 Nxe6 38. Nxe6 dxe6 39. Rxe6 Rc5
40. Rd7 Kh8 41. Rb7 Rf8 42. Ree7 Rg8 43. Re4 b5 44. Rxf4 bxc4 45. g3 h6 46. a4
h5 47. Rc7 Kh7 48. Re4 Rd8 49. Ree7 Rd3 50. Rxg7+ Kh6 51. Rge7 Kg6 52. Re3 Rxe3
53. fxe3 Kf5 54. Kf2 Rd5 55. Rxc6 Rd2+ 56. Kf3 1-0

[Event "4NCL-9899A BAR2-WG"]
[Site "Rd10-Birmingham"]
[Date "1999.05.02"]
[Round "10.3"]
[White "Lewis, Andrew P"]
[Black "Ward, Chris"]
[Result "0-1"]
[WhiteElo "2254"]
[BlackElo "2482"]
[PlyCount "110"]
[EventDate "1999.05.02"]

1. c4 b6 2. Nc3 Bb7 3. e4 e6 4. Nf3 Bb4 5. Bd3 Ne7 6. O-O O-O 7. Bc2 f5 8. Qe2
Bxc3 9. dxc3 f4 10. e5 Ng6 11. Re1 Rf7 12. Bd2 Nh4 13. Nxh4 Qxh4 14. f3 Nc6 15.
Be4 Qh5 16. b4 Raf8 17. a4 Qxe5 18. b5 Qc5+ 19. Kh1 Na5 20. Bxb7 Nxb7 21. Bc1
Qf5 22. Ba3 Re8 23. a5 Nxa5 24. Bb4 Nb3 25. Rxa7 d6 26. h3 g5 27. Qf2 Kg7 28.
Re4 Nc5 29. Bxc5 Qxc5 30. Qd4+ e5 31. Qd5 Qxd5 32. cxd5 Kf6 33. Rc4 Ree7 34.
Kg1 Kf5 35. Kf2 h5 36. Re4 g4 37. hxg4+ hxg4 38. Ra8 gxf3 39. gxf3 Rh7 40. Rf8+
Ref7 41. Rxf7+ Rxf7 42. Rc4 Re7 43. Re4 Kf6 44. Kg2 Rg7+ 45. Kf2 Ke7 46. Ra4
Rg8 47. Ra7 Kd7 48. Ra4 Rg3 49. Ra8 e4 50. fxe4 Re3 51. Rf8 Rxe4 52. Rf7+ Kc8
53. Kf3 Rc4 54. Rxf4 Rxc3+ 55. Ke4 Rc5 0-1

[Event "4NCL-9899A BAR2-WG"]
[Site "Rd10-Birmingham"]
[Date "1999.05.02"]
[Round "10.4"]
[White "Pein, Malcolm"]
[Black "Palliser, Richard"]
[Result "1-0"]
[WhiteElo "2425"]
[BlackElo "2245"]
[PlyCount "43"]
[EventDate "1999.05.02"]

1. d4 Nf6 2. Nf3 g6 3. c4 Bg7 4. Nc3 O-O 5. e4 d6 6. Be2 e5 7. O-O exd4 8. Nxd4
Re8 9. f3 c6 10. Kh1 Nh5 11. g4 Nf6 12. Be3 a6 13. Qd2 b5 14. Nc2 Be6 15. Rad1
bxc4 16. Qxd6 Qxd6 17. Rxd6 Nbd7 18. Nd4 Bf8 19. Rxc6 Ne5 20. Nxe6 Nxc6 21. Nc7
Ne5 22. Bd4 1-0

[Event "4NCL-9899A BAR2-WG"]
[Site "Rd10-Birmingham"]
[Date "1999.05.02"]
[Round "10.5"]
[White "Pert, Richard"]
[Black "Littlewood, Paul"]
[Result "1/2-1/2"]
[WhiteElo "2288"]
[BlackElo "2430"]
[PlyCount "75"]
[EventDate "1999.05.02"]

1. d4 d5 2. Nc3 Nf6 3. Bf4 c6 4. e3 Bf5 5. Bd3 e6 6. Nf3 Nbd7 7. O-O Be7 8. h3
O-O 9. Ne5 Nxe5 10. Bxe5 Bg6 11. Ne2 Nd7 12. Bg3 c5 13. c4 dxc4 14. Bxc4 Nb6
15. Bb3 cxd4 16. Nxd4 Bf6 17. Qf3 e5 18. Nf5 e4 19. Qg4 Qd7 20. Nd6 Qe7 21. Qe2
Rfd8 22. Rfd1 Be5 23. Bxe5 Qxe5 24. Nxb7 Rd3 25. Rac1 h5 26. Nc5 Rxd1+ 27. Bxd1
Rd8 28. Nb3 Nd5 29. Nd4 Nf4 30. Qc4 Nd3 31. Nc6 Qxb2 32. Rc2 Ne5 33. Nxd8 Nxc4
34. Rxb2 Nxb2 35. Bb3 a5 36. a4 Kf8 37. Nc6 Bf5 38. Nxa5 1/2-1/2

[Event "4NCL-9899A BAR2-WG"]
[Site "Rd10-Birmingham"]
[Date "1999.05.02"]
[Round "10.6"]
[White "Poulton, James"]
[Black "Sands, David"]
[Result "1-0"]
[WhiteElo "2350"]
[BlackElo "2251"]
[PlyCount "115"]
[EventDate "1999.05.02"]

1. d4 d5 2. Nf3 Nf6 3. c4 c6 4. Nc3 e6 5. Bg5 h6 6. Bxf6 Qxf6 7. e3 Nd7 8. Be2
dxc4 9. Bxc4 g6 10. O-O Bg7 11. b4 O-O 12. Rc1 b6 13. Bd3 Bb7 14. Be4 Qe7 15.
b5 Nb8 16. a4 f5 17. Bd3 Nd7 18. bxc6 Bxc6 19. Bb5 Bb7 20. Qe2 Rfc8 21. h3 Nf8
22. Ba6 Rab8 23. Bxb7 Qxb7 24. Nb5 Rc6 25. Rc4 Rbc8 26. Rfc1 Rxc4 27. Rxc4 Rxc4
28. Qxc4 Qd7 29. Nd2 Nh7 30. Qc7 Qxc7 31. Nxc7 Kf7 32. Nb5 a6 33. Nc7 a5 34.
Nc4 Bf6 35. Kf1 Bd8 36. Ne5+ Kf6 37. Nb5 Nf8 38. Ke2 g5 39. Kd3 h5 40. Kc4 Be7
41. f3 Bb4 42. Nc7 Be1 43. Na8 Bg3 44. Nxb6 Bxe5 45. dxe5+ Kxe5 46. Kc5 Kf6 47.
Nc4 Ng6 48. Nxa5 Nh4 49. Nc4 Nxg2 50. a5 g4 51. fxg4 fxg4 52. hxg4 h4 53. a6 h3
54. a7 h2 55. a8=Q h1=Q 56. Qf8+ Kg6 57. Ne5+ Kh7 58. Qf7+ 1-0

[Event "4NCL-9899A BAR2-WG"]
[Site "Rd10-Birmingham"]
[Date "1999.05.02"]
[Round "10.7"]
[White "Duncan, Chris"]
[Black "Sowray, Peter"]
[Result "1-0"]
[WhiteElo "2265"]
[BlackElo "2336"]
[PlyCount "109"]
[EventDate "1999.05.02"]

1. Nf3 Nf6 2. d4 e6 3. c4 Bb4+ 4. Bd2 a5 5. Nc3 d5 6. e3 O-O 7. Qc2 Nc6 8. Bd3
Re8 9. O-O Bf8 10. a3 g6 11. Rad1 Bg7 12. Bc1 Ne7 13. Rfe1 Nf5 14. Ne5 Nd6 15.
b3 Qe7 16. e4 dxe4 17. Nxe4 Ndxe4 18. Bxe4 Nxe4 19. Qxe4 c5 20. dxc5 Qxc5 21.
Bb2 Qc7 22. Qf3 Qe7 23. Qd3 f6 24. Nd7 Ra6 25. Re2 Rc6 26. a4 Kf7 27. Red2 Qb4
28. Qf3 Bxd7 29. Rxd7+ Re7 30. h4 Rc7 31. R7d3 Qc5 32. Bd4 Qc6 33. Qe3 Rcd7 34.
Bb6 Rxd3 35. Rxd3 Rd7 36. Bxa5 Bf8 37. Bc3 Rxd3 38. Qxd3 Bc5 39. b4 Bb6 40. a5
Bc7 41. b5 Qc5 42. Qd7+ Qe7 43. Qxe7+ Kxe7 44. a6 bxa6 45. bxa6 Bb6 46. c5 Ba7
47. Ba5 Kd7 48. Bb6 Bxb6 49. cxb6 Kc6 50. a7 Kb7 51. Kf1 e5 52. Ke2 f5 53. Kd3
h5 54. Kc4 e4 55. Kd4 1-0

[Event "4NCL-9899A BAR2-WG"]
[Site "Rd10-Birmingham"]
[Date "1999.05.02"]
[Round "10.8"]
[White "Jackson, Sheila"]
[Black "Lang, Heather"]
[Result "1/2-1/2"]
[WhiteElo "2168"]
[BlackElo "2057"]
[PlyCount "88"]
[EventDate "1999.05.02"]

1. e4 e5 2. Nf3 Nc6 3. Bb5 a6 4. Ba4 Nf6 5. O-O b5 6. Bb3 Bb7 7. d3 Bd6 8. c3
h6 9. Re1 O-O 10. Nbd2 Re8 11. Nf1 Bf8 12. Ne3 Na5 13. Bc2 d5 14. exd5 Nxd5 15.
Ng4 f6 16. d4 e4 17. Nh4 h5 18. Ne3 Nxe3 19. Bxe3 Qd5 20. Ng6 Bd6 21. Nf4 Bxf4
22. Bxf4 Nc4 23. Qc1 g5 24. Be3 Re7 25. b3 Nxe3 26. Qxe3 Kh8 27. f3 f5 28. Qxg5
Rg7 29. fxe4 Rxg5 30. exd5 Bxd5 31. Re2 Rag8 32. g3 f4 33. Rf1 fxg3 34. hxg3
Rxg3+ 35. Kf2 Rxc3 36. Ke1 Rf3 37. Rxf3 Bxf3 38. Re7 Rd8 39. Rxc7 Rxd4 40. Rh7+
Kg8 41. Rh6 a5 42. Kf2 Bg4 43. Ke3 Rd7 44. Be4 Re7 1/2-1/2

[Event "4NCL-9899A BCM-WES"]
[Site "Rd10-Birmingham"]
[Date "1999.05.02"]
[Round "10.1"]
[White "Rogers, Ian"]
[Black "Rossiter, Philip"]
[Result "1/2-1/2"]
[WhiteElo "2618"]
[BlackElo "2368"]
[PlyCount "86"]
[EventDate "1999.05.02"]

1. e4 c5 2. Nf3 e6 3. d4 cxd4 4. Nxd4 a6 5. Nc3 Qc7 6. Be2 Nf6 7. O-O Bc5 8.
Be3 d6 9. Qd2 Nbd7 10. Nb3 Bxe3 11. Qxe3 b5 12. a3 Bb7 13. Rad1 O-O 14. f4 Rad8
15. Kh1 Rfe8 16. Nd4 Qc5 17. b4 Qc7 18. Bxb5 axb5 19. Ndxb5 Qb8 20. Nxd6 Rf8
21. e5 Ng4 22. Qe2 Nh6 23. a4 Ba8 24. b5 Qc7 25. Nce4 f6 26. c4 fxe5 27. Ng5
Nc5 28. fxe5 Qe7 29. h4 Nf5 30. Nxf5 exf5 31. Rxd8 Rxd8 32. Rxf5 h6 33. Nf3
Nxa4 34. e6 Nc5 35. Qe5 Nxe6 36. c5 Bxf3 37. Rxf3 Qxh4+ 38. Rh3 Qc4 39. c6 Rd2
40. Kh2 Qg4 41. Rg3 Qh4+ 42. Rh3 Qc4 43. Rc3 Qh4+ 1/2-1/2

[Event "4NCL-9899A BCM-WES"]
[Site "Rd10-Birmingham"]
[Date "1999.05.02"]
[Round "10.2"]
[White "Webb, Richard"]
[Black "Chandler, Murray"]
[Result "1/2-1/2"]
[WhiteElo "2311"]
[BlackElo "2520"]
[PlyCount "109"]
[EventDate "1999.05.02"]

1. e4 c5 2. Nf3 Nc6 3. d3 g6 4. g3 Bg7 5. Bg2 Nf6 6. O-O O-O 7. Nbd2 d6 8. a4
h6 9. Nc4 Be6 10. Re1 d5 11. exd5 Bxd5 12. c3 Re8 13. Bf4 Na5 14. Nxa5 Qxa5 15.
Qd2 Kh7 16. Ne5 Bxg2 17. Kxg2 Rf8 18. Qe2 Qa6 19. Nc4 Nd5 20. Bd2 Rad8 21. a5
Rd7 22. Rad1 e6 23. Be3 Nxe3+ 24. Qxe3 Rd5 25. Rd2 Rfd8 26. Red1 h5 27. f4 Bf6
28. Qe4 Kg7 29. Ne3 R5d7 30. Nc4 Kg8 31. Qf3 Rd5 32. Qe4 Qc6 33. Kh3 Qa4 34.
Qf3 Qd7 35. Kg2 Qc7 36. Ne3 R5d7 37. Nc4 Kf8 38. Qe4 Kg7 39. Qf3 Kh7 40. Qe4
Kg8 41. Qf3 b5 42. axb6 axb6 43. Qe4 b5 44. Ne5 Rd5 45. Nf3 Rb8 46. d4 cxd4 47.
Nxd4 Qc4 48. Qe3 b4 49. Ne2 Rxd2 50. Rxd2 b3 51. Nd4 Rd8 52. Qd3 Qd5+ 53. Qf3
Qc4 54. Qd3 Qd5+ 55. Qf3 1/2-1/2

[Event "4NCL-9899A BCM-WES"]
[Site "Rd10-Birmingham"]
[Date "1999.05.02"]
[Round "10.3"]
[White "Mestel, Jonathan"]
[Black "Simons, Martin"]
[Result "1/2-1/2"]
[WhiteElo "2485"]
[BlackElo "2233"]
[PlyCount "134"]
[EventDate "1999.05.02"]

1. c4 e5 2. Nc3 d6 3. g3 g6 4. Bg2 Bg7 5. d3 f5 6. e3 Nf6 7. Nge2 O-O 8. Rb1 c6
9. b4 Kh8 10. b5 c5 11. O-O Nbd7 12. Qb3 Qe7 13. Bd2 e4 14. Nf4 Nb6 15. h4 exd3
16. a4 Qf7 17. Ncd5 Nbxd5 18. cxd5 Ne4 19. Rfd1 Bd7 20. Qxd3 Rfe8 21. Be1 Rac8
22. Qc4 Qe7 23. Rb3 Rf8 24. Rbd3 Rce8 25. f3 Nf6 26. Bf2 Qf7 27. Bf1 Re7 28.
R3d2 Rfe8 29. Qb3 Bh6 30. Bc4 g5 31. hxg5 Bxg5 32. Ne6 Bh6 33. Kg2 Qg6 34. Rh1
Bxe6 35. dxe6 d5 36. Bxd5 Nxd5 37. Qxd5 Qxe6 38. Qxc5 Bxe3 39. Qc3+ Qe5 40.
Qxe5+ Rxe5 41. Rd7 R8e7 42. Rxe7 Rxe7 43. Re1 f4 44. gxf4 Rg7+ 45. Bg3 Bd4 46.
Re8+ Rg8 47. Rxg8+ Kxg8 48. Kh3 Kf7 49. Kg4 a6 50. f5 axb5 51. axb5 Bf6 52. Bf4
Be7 53. Bg5 Bb4 54. Be3 Bc3 55. Kg5 Kg7 56. Kf4 Kf6 57. Bb6 Kf7 58. Ke4 Bb2 59.
Bd8 Bc3 60. Kd5 Bf6 61. Bxf6 Kxf6 62. Ke4 b6 63. Kf4 h5 64. Ke4 Ke7 65. Ke5 Kf7
66. Kd4 Kf6 67. Ke4 Ke7 1/2-1/2

[Event "4NCL-9899A BCM-WES"]
[Site "Rd10-Birmingham"]
[Date "1999.05.02"]
[Round "10.4"]
[White "Corkett, Anthony"]
[Black "Bellin, Robert"]
[Result "1-0"]
[WhiteElo "2255"]
[BlackElo "2360"]
[PlyCount "99"]
[EventDate "1999.05.02"]

1. e4 e5 2. Nf3 Nc6 3. Bb5 a6 4. Ba4 Nf6 5. O-O Be7 6. Re1 b5 7. Bb3 d6 8. h3
Na5 9. d4 Nxb3 10. axb3 exd4 11. Nxd4 Bd7 12. Nc3 c6 13. Qf3 O-O 14. e5 dxe5
15. Nxc6 Bxc6 16. Qxc6 b4 17. Ne4 Rc8 18. Nxf6+ Bxf6 19. Qe4 Qd4 20. Rxa6 Qxe4
21. Rxe4 Rxc2 22. Rc4 Rxc4 23. bxc4 Rc8 24. b3 e4 25. Kf1 Be5 26. Bd2 Rb8 27.
Ke2 f6 28. c5 Bc3 29. c6 Be5 30. Ra4 Rc8 31. Rxb4 Rxc6 32. Rxe4 Rc2 33. Kd3 Rb2
34. b4 g5 35. Be3 Kf7 36. Bc5 Ke6 37. Kc4 Rc2+ 38. Kb5 Kd5 39. Re1 Rd2 40. Be3
Rb2 41. Rd1+ Ke4 42. Bc5 h5 43. Kc6 g4 44. hxg4 hxg4 45. g3 Kf3 46. Rd3+ Kg2
47. b5 Rc2 48. b6 Rxc5+ 49. Kxc5 Kxf2 50. Kd5 1-0

[Event "4NCL-9899A BCM-WES"]
[Site "Rd10-Birmingham"]
[Date "1999.05.02"]
[Round "10.5"]
[White "Richardson, John"]
[Black "Upton, Ian"]
[Result "1/2-1/2"]
[WhiteElo "2318"]
[BlackElo "2225"]
[PlyCount "81"]
[EventDate "1999.05.02"]

1. d4 f5 2. g3 Nf6 3. Bg2 g6 4. c4 Bg7 5. Nc3 d6 6. Nf3 O-O 7. O-O Qe8 8. d5
Na6 9. Be3 c5 10. Qc1 Bd7 11. Bh6 Qf7 12. Bd2 Nc7 13. a4 Kh8 14. Ng5 Qe8 15.
Nb5 Qc8 16. Nxc7 Qxc7 17. Bc3 h6 18. Ne6 Bxe6 19. dxe6 Kh7 20. Qc2 Qc8 21. Bxf6
Rxf6 22. Bd5 Rb8 23. f4 Rxe6 24. Bxe6 Qxe6 25. Rae1 Qe4 26. Qxe4 fxe4 27. b3 e6
28. e3 Rd8 29. g4 Bf6 30. Rd1 Kg7 31. Kg2 Kf7 32. g5 Bg7 33. gxh6 Bxh6 34. Rf2
Kf6 35. Rfd2 Bf8 36. h4 Kf5 37. Rh1 Kg4 38. Kf1 Be7 39. Rg2+ Kh5 40. Rhg1 Rg8
41. Rd2 1/2-1/2

[Event "4NCL-9899A BCM-WES"]
[Site "Rd10-Birmingham"]
[Date "1999.05.02"]
[Round "10.6"]
[White "Yeo, Michael"]
[Black "Lyell, Mark"]
[Result "0-1"]
[WhiteElo "2211"]
[BlackElo "2221"]
[PlyCount "82"]
[EventDate "1999.05.02"]

1. e4 e5 2. Bc4 f5 3. d3 Nf6 4. Nf3 Nc6 5. O-O Bc5 6. Nc3 d6 7. Ng5 Qe7 8. Bf7+
Kf8 9. Nd5 Nxd5 10. Bxd5 f4 11. Qh5 g6 12. Qh6+ Qg7 13. Qxg7+ Kxg7 14. c3 Kf6
15. Nf3 g5 16. b4 Bb6 17. Nd2 Ne7 18. Bb3 c6 19. Bb2 h5 20. d4 h4 21. Rad1 g4
22. dxe5+ dxe5 23. c4 Be6 24. c5 Bc7 25. Bxe6 Kxe6 26. Nc4 Rhd8 27. Bc3 b5 28.
Nb2 f3 29. Rfe1 Ng6 30. Re3 Rxd1+ 31. Nxd1 fxg2 32. Kxg2 Rd8 33. Nb2 Rf8 34.
Be1 h3+ 35. Kf1 Nh4 36. Ra3 Nf3 37. Nd3 Nxh2+ 38. Kg1 Nf3+ 39. Kh1 Nxe1 40.
Nxe1 Rxf2 41. Rxa7 g3 0-1

[Event "4NCL-9899A BCM-WES"]
[Site "Rd10-Birmingham"]
[Date "1999.05.02"]
[Round "10.7"]
[White "Bellin, Jana"]
[Black "Noyce, Robert"]
[Result "1/2-1/2"]
[WhiteElo "2170"]
[BlackElo "2180"]
[PlyCount "85"]
[EventDate "1999.05.02"]

1. d4 g6 2. Nf3 Nf6 3. c3 Bg7 4. Bg5 d6 5. h3 Nbd7 6. Nbd2 O-O 7. e4 e5 8. dxe5
dxe5 9. Bc4 Qe7 10. O-O Nc5 11. Qc2 h6 12. Be3 Nh5 13. b4 Ne6 14. g3 Re8 15.
Rfd1 Ng5 16. Nxg5 hxg5 17. Nf3 Bh6 18. h4 Bg4 19. Nxg5 Bxd1 20. Qxd1 Kg7 21.
Bc5 Qd8 22. Nxf7 Qxd1+ 23. Rxd1 Nf6 24. f3 b6 25. Bf2 Re7 26. Nxh6 Kxh6 27.
Be3+ Kh7 28. Kf2 Rd7 29. Rh1 Kg7 30. Ke2 Rf8 31. Bb5 Rd6 32. Bg5 c6 33. Bc4 Re8
34. Bb3 Nh7 35. Be3 Nf6 36. Ba4 Nh7 37. Rf1 Rf8 38. Bg1 Nf6 39. Bc2 Rf7 40. Be3
Rfd7 41. g4 Re6 42. Bb3 Re8 43. h5 1/2-1/2

[Event "4NCL-9899A BCM-WES"]
[Site "Rd10-Birmingham"]
[Date "1999.05.02"]
[Round "10.8"]
[White "Howard, Emily"]
[Black "Anderton, David"]
[Result "0-1"]
[WhiteElo "2047"]
[BlackElo "2205"]
[PlyCount "98"]
[EventDate "1999.05.02"]

1. e4 e6 2. d4 d5 3. Nc3 Bb4 4. Nge2 Nf6 5. e5 Nfd7 6. a3 Be7 7. Be3 c5 8. f4
g6 9. g3 b6 10. Bg2 Nc6 11. Qd2 Bb7 12. O-O Rc8 13. Nd1 Ba6 14. c3 Na5 15. Qc2
cxd4 16. Bxd4 Nc5 17. b4 Bd3 18. Qb2 Nc4 19. Qa2 Bxe2 20. Qxe2 Nb3 21. Nf2 Nxa1
22. Rxa1 h5 23. h4 Qd7 24. Nd1 Qa4 25. Qa2 Rc7 26. Bf1 O-O 27. Bd3 Rfc8 28. Bc2
Qd7 29. Bd3 b5 30. Nf2 Ra8 31. Nh3 a5 32. Qb1 Qe8 33. Ng5 Bxg5 34. hxg5 axb4
35. axb4 Rcc8 36. Kf2 Nd2 37. Qd1 Rxa1 38. Qxa1 Ra8 39. Qb2 Nc4 40. Qb1 Ra6 41.
Kg2 Kh7 42. Be2 Qa8 43. Qd3 Ra2 44. Kf2 Qa3 45. g4 Qc1 46. Qg3 Qc2 47. Qf3 Nd2
48. Qd3 Ne4+ 49. Ke1 Ra1+ 0-1

[Event "4NCL-9899A HH-SL"]
[Site "Rd10-Birmingham"]
[Date "1999.05.02"]
[Round "10.1"]
[White "Bischoff, Klaus"]
[Black "Lalic, Bogdan"]
[Result "1/2-1/2"]
[WhiteElo "2521"]
[BlackElo "2549"]
[PlyCount "57"]
[EventDate "1999.05.02"]

1. b3 d5 2. Bb2 Bg4 3. f3 Bf5 4. e3 Nd7 5. f4 Ngf6 6. Nf3 e6 7. Be2 Bg4 8. O-O
Bxf3 9. Bxf3 Bd6 10. g4 h6 11. Bg2 Qe7 12. h3 c6 13. c4 O-O 14. Nc3 Ba3 15. Qc1
Bxb2 16. Qxb2 Rad8 17. d4 Rfe8 18. c5 Nf8 19. Qf2 Ng6 20. b4 Nh7 21. e4 Nh4 22.
Bh1 f5 23. gxf5 dxe4 24. fxe6 Nf5 25. Bxe4 Qxe6 26. Rae1 Qf6 27. Kh2 Qxd4 28.
Qxd4 Nxd4 29. Kg3 1/2-1/2

[Event "4NCL-9899A HH-SL"]
[Site "Rd10-Birmingham"]
[Date "1999.05.02"]
[Round "10.2"]
[White "Turner, Matthew"]
[Black "Norwood, David"]
[Result "0-1"]
[WhiteElo "2463"]
[BlackElo "2535"]
[PlyCount "104"]
[EventDate "1999.05.02"]

1. c4 g6 2. Nc3 Bg7 3. g3 c5 4. Bg2 Nc6 5. e3 e5 6. Nge2 Nge7 7. O-O O-O 8. a3
d6 9. d3 Be6 10. Nd5 Rb8 11. Nec3 a6 12. Rb1 b5 13. cxb5 axb5 14. b4 Qd7 15.
Bd2 f5 16. a4 Nxb4 17. Nxb4 cxb4 18. Nxb5 b3 19. Qc1 Rbc8 20. Qa3 Rc2 21. Bc3
f4 22. exf4 exf4 23. Bxg7 Kxg7 24. Nd4 Ra2 25. Qb4 Bg8 26. Rxb3 Bxb3 27. Qxb3
Qxa4 28. Ne6+ Kf7 29. Ng5+ Kg7 30. Ne6+ Kf7 31. Ng5+ Kg7 32. Qe6 Nf5 33. g4 Rf6
34. Qe1 f3 35. gxf5 fxg2 36. Qe7+ Kh6 37. Re1 Qa7 38. Qxa7 Rxa7 39. Ne4 Rxf5
40. Nxd6 Rd5 41. Ne4 Rxd3 42. Kxg2 Re7 43. f3 Rf7 44. Rf1 Kh5 45. Rf2 Rf4 46.
Rf1 Ra3 47. Rf2 Kh4 48. Ng3 Rfa4 49. Ne2 Ra2 50. f4 R4a3 51. Kf1 Re3 52. Rg2
Rf3+ 0-1

[Event "4NCL-9899A HH-SL"]
[Site "Rd10-Birmingham"]
[Date "1999.05.02"]
[Round "10.3"]
[White "Hennigan, Michael"]
[Black "Miles, Anthony"]
[Result "1-0"]
[WhiteElo "2430"]
[BlackElo "2609"]
[PlyCount "127"]
[EventDate "1999.05.02"]

1. e4 Nc6 2. Nf3 e5 3. d4 exd4 4. Nxd4 Bb4+ 5. c3 Bc5 6. Be3 Bb6 7. Be2 Nge7 8.
c4 d6 9. O-O O-O 10. Nc3 f5 11. Nxc6 Nxc6 12. Bxb6 axb6 13. exf5 Bxf5 14. Qd2
Kh8 15. f4 Qd7 16. Bf3 Bg4 17. Rae1 Bxf3 18. Rxf3 Ne7 19. Rfe3 Ng8 20. Re6 Qc6
21. Qd4 Qc5 22. Qxc5 bxc5 23. g3 g6 24. Kg2 Kg7 25. Kf3 g5 26. R1e2 gxf4 27.
gxf4 Rf7 28. Re8 Rxe8 29. Rxe8 Ne7 30. Rb8 Ng6 31. Rxb7 Rxf4+ 32. Kg3 Rxc4 33.
Rxc7+ Kh6 34. Nd5 Rc2 35. Rb7 Kg5 36. a4 h5 37. a5 Rd2 38. a6 h4+ 39. Kf3 Ne5+
40. Ke3 Nc4+ 41. Ke4 Rd4+ 42. Kf3 Ne5+ 43. Ke3 Ra4 44. Nc7 Nc6 45. Rb6 Nb4 46.
h3 Ra2 47. Rxd6 Kf5 48. Rb6 Ke5 49. Kf3 Nd5 50. Nxd5 Kxd5 51. b3 c4 52. Rb5+
Kc6 53. bxc4 Rxa6 54. Rf5 Ra4 55. Rf4 Kc5 56. Kg4 Ra8 57. Kxh4 Rg8 58. Kh5 Rh8+
59. Kg4 Rg8+ 60. Kf3 Rh8 61. h4 Rh7 62. Kg4 Rg7+ 63. Kf5 Kd6 64. h5 1-0